| 000 | 00681nam a2200181 i 4500 | ||
|---|---|---|---|
| 001 | 50234 | ||
| 003 | ES-MaACL | ||
| 005 | 20230906162138.0 | ||
| 007 | t| | ||
| 008 | 030801s1949 sp ||||1| spa d | ||
| 100 | 1 |
_aCuesta Jiménez, Valentín. _942062 |
|
| 245 | 1 | 0 |
_aBijirita _b: la odisea de cinco patriotas güineros : trabajo leído por Valentín Cuesta Jiménez en la sesión pública, el día 22 de diciembre de 1949. |
| 260 |
_aLa Habana : _b[s.n., _c1949] ( _fImp. El Siglo XX) |
||
| 300 |
_a61 p. ; _c24 cm. |
||
| 500 | _aPrecede al tít.: Academia de la Historia de Cuba. | ||
| 710 | 2 |
_aAcademia de la Historia de Cuba. _91183 |
|
| 852 |
_aES-MaACL _j1907-F-11 _bR.29171 |
||
| 999 |
_c50234 _d50234 |
||